Constitución de los Estados Unidos. Aprobada por la convención el 17 de septiembre de 1787

Uloženo v:
Podrobná bibliografie
Médium: Kniha
Jazyk:španělština
Vydáno: Buenos Aires As Impresiones 1980
Témata:
Tagy: Přidat tag
Žádné tagy, Buďte první, kdo vytvoří štítek k tomuto záznamu!

MARC

LEADER 00000nam a2200000 a 4500
001 UCU9168
003 CL-VaPUC
008 960809e19800000AG |||||||||||||||||spa|d
082 0 4 |a 342.73  |b CON  |2 21 
245 1 0 |a Constitución de los Estados Unidos. Aprobada por la convención el 17 de septiembre de 1787 
300 |a 40 p 
942 |c BK 
945 |d 19960809 00:00:00  |a nastorga 
260 |a Buenos Aires  |b As Impresiones  |c 1980 
650 0 |a Constituciones  |9 255417 
650 7 |a LEGISLACION  |2 CL-VaPUC  |9 368253 
650 0 |a Derechos civiles  |9 255655 
650 0 |a Derecho constitucional   |9 222588 
651 0 |a Estados Unidos  |9 255178 
583 |a last modification  |c 19960809 00:00:00  |k Rodrigo Vera 
999 |c 251037  |d 251035 
952 |0 0  |1 0  |2 ddc  |4 0  |6 342_730000000000000_CON_1980  |7 0  |8 A  |9 269967  |a BIBDER  |b BIBDER  |d 2019-11-19  |i 3219844  |o 342.73 CON 1980  |p 3219844  |r 2023-01-25  |w 2019-11-19  |y MX  |k DER 
952 |0 0  |1 0  |4 0  |6 342_730000000000000_CON_1980  |7 0  |8 A  |9 269968  |a BIBHIS  |b BIBHIS  |d 2019-11-19  |i 1360523  |o 342.73 CON 1980  |p 1360523  |r 2025-01-20  |w 2019-11-19  |y BK  |k HIS